[Event "17th ch-EU U16 Boys"]
[Site "Sibenik CRO"]
[Date "2007.09.16"]
[Round "3"]
[White "Ben,T"]
[Black "Ter Schegget,B"]
[Result "0-1"]
[WhiteElo "1966"]
[BlackElo "2139"]

1.e4 c5 2.Nf3 d6 3.Bb5+ Bd7 4.Bxd7+ Qxd7 5.O-O Nc6 6.c3 d5 7.exd5 Qxd5 8.d4 e6
9.Be3 Rd8 10.Qe2 Be7 11.Rd1 Nf6 12.c4 Qh5 13.Nc3 O-O 14.Rac1 Ng4 15.d5 Nd4
16.Bxd4 cxd4 17.Ne4 Nxh2 18.Rxd4 Nxf3+ 19.Qxf3 Qh6 20.Qc3 f5 21.d6 Bh4 22.Nc5 Bf6
23.Rcd1 b6 24.Nb7 Rd7 25.Qf3 Bxd4 26.Rxd4 Rb8 27.c5 bxc5 28.Qc6 Qc1+ 29.Kh2 Rbxb7
30.Qxb7 Rxb7 31.d7 Rxd7  0-1

[Event "17th ch-EU U16 Boys"]
[Site "Sibenik CRO"]
[Date "2007.09.18"]
[Round "5"]
[White "Muheim,Sebastian"]
[Black "Filippas,S"]
[Result "0-1"]
[WhiteElo "2005"]
[BlackElo "2145"]

1.e4 c5 2.Nf3 d6 3.Bb5+ Nc6 4.O-O Bd7 5.c3 Nf6 6.Re1 a6 7.Ba4 b5 8.Bc2 Bg4
9.d3 e6 10.h3 Bh5 11.Bf4 Be7 12.Nbd2 O-O 13.Nf1 d5 14.e5 Nd7 15.Ng3 Bg6 16.Qd2 h6
17.Rac1 Rc8 18.d4 Bxc2 19.Rxc2 cxd4 20.Nxd4 g5 21.Nxc6 Rxc6 22.Be3 Nxe5 23.Bd4 Nc4
24.Qd3 Bf6 25.Nh5 e5 26.Nxf6+ Qxf6 27.Be3 Rd8 28.b3 Nxe3 29.fxe3 e4 30.Qd2 Qe5
31.Rf1 Rdc8 32.Qf2 R8c7 33.h4 Rxc3 34.Rxc3 Qxc3 35.hxg5 hxg5 36.Qg3 Rd7 37.Qxg5+ Qg7
38.Qf5 Rd6 39.Qc8+ Qf8 40.Qf5 Qe7 41.Rf4 Qe6 42.Qg5+ Kf8 43.Rh4 Qf6 44.Qg4 Ke7
45.Rh5 Qa1+ 46.Kh2 Qf6 47.Kg1 Rd8 48.Qg3 Rd6 49.Re5+ Re6 50.Rh5 Rc6 51.Re5+ Kf8
52.Rh5 Qd6 53.Rh8+ Ke7 54.Qg5+ Qf6 55.Qh5 Rc1+ 56.Kh2 Qd6+ 57.g3 Rc2+ 58.Kh3 Qe6+
59.g4 Qf6  0-1

[Event "17th ch-EU U18 Girls"]
[Site "Sibenik CRO"]
[Date "2007.09.19"]
[Round "6"]
[White "Somova,N"]
[Black "Airapetian,Ta"]
[Result "0-1"]
[WhiteElo "1963"]
[BlackElo "2218"]

1.e4 c5 2.Nf3 d6 3.Bb5+ Bd7 4.Bxd7+ Qxd7 5.c3 Nf6 6.Qe2 Nc6 7.O-O e6 8.d4 cxd4
9.cxd4 d5 10.e5 Ne4 11.Be3 Be7 12.Ne1 f5 13.Qh5+ g6 14.Qh6 Bf8 15.Qh3 f4
16.Bxf4 Nxd4 17.Qd3 Nc6 18.Nc3 Nxc3 19.Qxc3 Bg7 20.Nd3 O-O 21.Qd2 Rf5 22.g4 Rf7
23.Qe3 Raf8 24.h4 Nb4 25.Nc5 Qc6 26.Bg3 Nc2 27.Qc3 Nxa1 28.Rxa1 Rf3 29.Qb4 a5
30.Qd4 Rc8 31.Nd3 Qb5 32.Nf4 Rc4 33.Qd1 Rfxf4 34.Bxf4 Rxf4 35.f3 Bxe5 36.Rb1 Qc5+
37.Kg2 Qe3 38.Rc1 Rd4  0-1

[Event "17th ch-EU U18 Boys"]
[Site "Sibenik CRO"]
[Date "2007.09.19"]
[Round "6"]
[White "Delorme,Ax"]
[Black "Mozharov,M"]
[Result "1/2-1/2"]
[WhiteElo "2317"]
[BlackElo "2424"]

1.e4 c5 2.Nf3 d6 3.Bb5+ Bd7 4.Bxd7+ Qxd7 5.O-O Nc6 6.Qe2 Nf6 7.Rd1 e6 8.d4 cxd4
9.Nxd4 a6 10.c4 Be7 11.Nc3 O-O 12.b3 Qc7 13.Bb2 Rac8 14.Rd3 Rfe8 15.Kh1 Ne5
16.Rdd1 Ng6 17.Rac1 Qa5 18.Qf3 Nd7 19.g3 Bg5 20.Rc2 Bf6 21.Rcd2 Bg5 22.Rc2 Bd8
23.a3 Bf6 24.Rcd2 Qb6 25.Na4 Qc7 26.Qd3 Rcd8 27.Nf3 Nde5 28.Nxe5 Nxe5 29.Bxe5 Bxe5
30.c5 d5 31.Qf3 d4 32.b4 g6 33.Nb6 Bg7 34.Nc4 Rf8 35.Kg2 e5 36.Qd3 Qc6 37.Re2 h5
38.Nb6 Kh7 39.f3 Kh8 40.Rc2 f5 41.a4 fxe4 42.Qxe4 d3  1/2-1/2

[Event "6th ch-Asia"]
[Site "Cebu City PHI"]
[Date "2007.09.20"]
[Round "2"]
[White "Toufighi,H"]
[Black "Yueh Wei Po"]
[Result "1-0"]
[WhiteElo "2391"]
[BlackElo "2044"]

1.e4 c5 2.Nf3 d6 3.Bb5+ Bd7 4.Bxd7+ Qxd7 5.O-O Nc6 6.Re1 Nf6 7.c3 e6 8.d4 cxd4
9.cxd4 d5 10.e5 Ne4 11.a3 Be7 12.Qd3 O-O 13.Nbd2 Nxd2 14.Bxd2 h6 15.Re3 Rac8
16.h4 Qd8 17.Nh2 Bxh4 18.Rh3 Bg5 19.Ng4 f5 20.exf6 Rxf6 21.Bxg5 hxg5 22.Qh7+ Kf7
23.Nxf6  1-0

[Event "17th ch-EU U18 Girls"]
[Site "Sibenik CRO"]
[Date "2007.09.20"]
[Round "7"]
[White "Brankov,Kri"]
[Black "Altunkeser,G"]
[Result "0-1"]
[WhiteElo "1918"]
[BlackElo "1913"]

1.e4 c5 2.Nf3 d6 3.Bb5+ Bd7 4.Bxd7+ Qxd7 5.O-O Nf6 6.Re1 Nc6 7.c3 e6 8.d4 cxd4
9.cxd4 d5 10.e5 Ne4 11.Nbd2 Nxd2 12.Bxd2 Be7 13.a3 O-O 14.Rc1 Rac8 15.Qe2 Bd8
16.b4 Bb6 17.Be3 Rc7 18.Rc2 Rfc8 19.Rec1 h6 20.Qd2 Ne7 21.Rxc7 Rxc7 22.Rxc7 Qxc7
23.Qc1 Qxc1+ 24.Bxc1 Nc6 25.Be3 Bd8 26.Nd2 Be7 27.Nb3 Kf8 28.Kf1 Ke8 29.Ke2 Kd8
30.g3 Kc7 31.Kd3 Kb6 32.Kc3 Kb5 33.Nc1 Ka4 34.Kb2 a5 35.Nd3 axb4 36.axb4 Nxb4
37.Nxb4 Kxb4 38.h3 Kc4 39.Kc2 Bd8 40.f4 h5 41.g4 hxg4 42.hxg4 g6 43.Bf2 Bb6
44.Be1 Bxd4 45.Bd2 b5  0-1

[Event "17th ch-EU U16 Boys"]
[Site "Sibenik CRO"]
[Date "2007.09.20"]
[Round "7"]
[White "Yilmaz,M"]
[Black "Georgescu,T"]
[Result "1-0"]
[WhiteElo "2204"]
[BlackElo "2385"]

1.e4 c5 2.Nf3 d6 3.Bb5+ Nd7 4.d4 Nf6 5.Nc3 a6 6.Bxd7+ Nxd7 7.Be3 e6 8.O-O Be7
9.dxc5 Nxc5 10.e5 O-O 11.b4 Nd7 12.exd6 Bf6 13.Bd4 e5 14.Be3 b5 15.Nd2 Bb7
16.Nb3 Rc8 17.Qd2 Nb6 18.Bxb6 Qxb6 19.Nc5 e4 20.Rad1 Rfd8 21.Nd5 Bxd5 22.Qxd5 Be7
23.Nxe4 Bf8 24.c3 Qc6 25.Rfe1 Qxd5 26.Rxd5 f5 27.d7 Rc7 28.Nc5  1-0

[Event "17th ch-EU U18 Boys"]
[Site "Sibenik CRO"]
[Date "2007.09.21"]
[Round "8"]
[White "Ronchetti,N"]
[Black "Edouard,R"]
[Result "0-1"]
[WhiteElo "2410"]
[BlackElo "2483"]

1.e4 c5 2.Nf3 d6 3.Bb5+ Nc6 4.O-O Bd7 5.c3 Nf6 6.Re1 a6 7.Ba4 b5 8.Bc2 Bg4
9.d3 e6 10.Nbd2 Be7 11.h3 Bh5 12.Nf1 Nd7 13.Ng3 Bg6 14.d4 cxd4 15.Nxd4 Nxd4
16.cxd4 O-O 17.Nf5 Nb6 18.Nxe7+ Qxe7 19.d5 exd5 20.Be3 Nc4 21.Qxd5 Qe5 22.Qxe5 dxe5
23.Bb3 Nxb2 24.Bd5 Rab8 25.Rec1 Na4 26.Rc6 a5 27.f3 Nb2 28.Rb1 Nd3 29.Ba7 Nb4
30.Bxb8 Nxc6 31.Bd6 Rd8 32.Bc7 Rxd5 33.Rc1 Nd4 34.Kf1 Rd7 35.Bxe5 f6  0-1

[Event "17th ch-EU U16 Girls"]
[Site "Sibenik CRO"]
[Date "2007.09.21"]
[Round "8"]
[White "Parmar,A"]
[Black "Korchagina,V"]
[Result "0-1"]
[WhiteElo "2011"]
[BlackElo "2152"]

1.e4 c5 2.Nf3 d6 3.Bb5+ Nc6 4.d4 cxd4 5.Qxd4 Bd7 6.Bxc6 Bxc6 7.Nc3 Nf6 8.Bg5 e6
9.O-O-O Be7 10.Rhe1 O-O 11.Kb1 Qa5 12.Qd2 Kh8 13.Nd4 Rfc8 14.f3 b5 15.Nce2 Qc7
16.g4 a5 17.Ng3 b4 18.Nh5 Nxh5 19.Bxe7 Qxe7 20.gxh5 h6 21.Rg1 Bd7 22.Qg2 Qf6
23.f4 Rg8 24.Qg3 a4 25.f5 exf5 26.exf5 Ra5 27.h4 Rc5 28.Rd2 Bxf5 29.Nxf5 Qxf5
30.Qxd6 b3 31.axb3 axb3 32.Qd3 bxc2+ 33.Kc1 Ra8  0-1

[Event "6th ch-Asia"]
[Site "Cebu City PHI"]
[Date "2007.09.22"]
[Round "4"]
[White "Toufighi,H"]
[Black "Yu Shaoteng"]
[Result "1/2-1/2"]
[WhiteElo "2391"]
[BlackElo "2524"]

1.e4 c5 2.Nf3 d6 3.Bb5+ Bd7 4.Bxd7+ Qxd7 5.O-O Nc6 6.c3 Nf6 7.Re1 e6 8.d4 cxd4
9.cxd4 d5 10.e5 Ng8 11.a3 Nge7 12.Nc3 Nf5 13.Qd3 Be7 14.Bd2 O-O 15.Ne2 Rac8
16.Nf4 Qd8 17.Nh5 g6 18.Ng3 Nh4 19.Re3  1/2-1/2

[Event "IRT Salomao Rovedo"]
[Site "Rio de Janeiro BRA"]
[Date "2007.09.22"]
[Round "5"]
[White "Chauca,J"]
[Black "Maia,Marc"]
[Result "1-0"]
[WhiteElo "2133"]
[BlackElo "2140"]

1.e4 c5 2.Nf3 d6 3.Bb5+ Bd7 4.a4 Nf6 5.Nc3 Nc6 6.d4 cxd4 7.Nxd4 g6 8.h3 Bg7
9.Be3 O-O 10.O-O Qc7 11.Nxc6 bxc6 12.Bc4 Rab8 13.Ra2 Rb4 14.b3 Be6 15.Bd3 Nd7
16.Bd2 Rbb8 17.Re1 Nc5 18.Qe2 Nxd3 19.Qxd3 Rfd8 20.Ne2 Bd7 21.Bc3 Bxc3 22.Qxc3 e5
23.Raa1 Be6 24.Rad1 Rbc8 25.f4 f6 26.Qg3 Qg7 27.c4 d5 28.fxe5 fxe5 29.cxd5 cxd5
30.exd5 Rxd5 31.Rxd5 Bxd5 32.Nc3 Bxb3 33.Rxe5 Rf8 34.Kh2 Qf7 35.Rb5 Bc4 36.Rb8 Rxb8
37.Qxb8+ Kg7 38.Qe5+ Kg8 39.Ne4 Qe6  1-0

[Event "Reykjavik CC Inv"]
[Site "Reykjavik ISL"]
[Date "2007.09.23"]
[Round "7"]
[White "Johannesson,I"]
[Black "Klimciauskas,D"]
[Result "1-0"]
[WhiteElo "2344"]
[BlackElo "2162"]

1.e4 c5 2.Nf3 d6 3.Bb5+ Bd7 4.Bxd7+ Qxd7 5.O-O Nc6 6.Qe2 Nf6 7.Rd1 e6 8.c4 e5
9.Nc3 g6 10.d3 Bg7 11.Bd2 O-O 12.Nd5 Nh5 13.a3 f5 14.b4 fxe4 15.Qxe4 Qf7
16.Be3 b6 17.b5 Nd4 18.Bxd4 exd4 19.Re1 Rae8 20.Qg4 Be5 21.a4 Nf4 22.Nxf4 Qxf4
23.Qxf4 Bxf4 24.Rxe8 Rxe8 25.a5 g5 26.axb6 axb6 27.h3 h5 28.g3 g4 29.hxg4 hxg4
30.Nh2 Bd2 31.Nxg4 Kf7 32.Ra6 Ba5 33.Ra7+ Kg6 34.Kg2 Kf5 35.Kf3 Re1 36.Rf7+ Ke6
37.Rf6+ Ke7 38.Rh6 d5 39.cxd5 Rd1 40.d6+ Kd8 41.Ke4  1-0

[Event "6th ch-Asia"]
[Site "Cebu City PHI"]
[Date "2007.09.24"]
[Round "6"]
[White "Girinath,P"]
[Black "Le Quang Liem"]
[Result "1/2-1/2"]
[WhiteElo "2440"]
[BlackElo "2542"]

1.e4 c5 2.Nf3 d6 3.Bb5+ Nc6 4.O-O e5 5.c3 Qb6 6.Bxc6+ bxc6 7.d4 cxd4 8.cxd4 exd4
9.Nxd4 Nf6 10.Re1 Be7 11.Nf5 Bxf5 12.exf5 Qc7 13.Nc3 O-O 14.Bf4 Rfe8 15.Qd3 Qb7
16.b3 d5 17.h3 Nd7 18.Na4 Ba3 19.Rad1 Nf6 20.Re3 Rxe3 21.Bxe3 Ne4 22.Nc3 Re8
23.Nxe4 Rxe4 24.Rd2 h5 25.Rc2 Bb4 26.f3 Re8 27.Bf2 Qd7 28.g4 Be1 29.Re2 Bxf2+
30.Kxf2 Rxe2+ 31.Qxe2 h4 32.Ke1 Kf8 33.Kd1 Qd6 34.Qa6 Qc7 35.b4 Ke7 36.Qe2+ Kd7
37.Qb2 f6 38.Qf2 Qb6 39.Qxh4 Qxb4 40.Qh8 Qb1+ 41.Ke2 Qxa2+ 42.Kf1 Qa1+ 43.Kf2 Qb2+
44.Kf1 Qc1+ 45.Kf2 Qd2+ 46.Kg1 Qe1+ 47.Kg2 Qe2+ 48.Kg1 Qe7 49.Qb8 Qe1+ 50.Kg2 Qe2+
51.Kg1 Qxf3 52.Qxa7+ Kd6 53.Qxg7 Qg3+ 54.Kf1 Qxh3+ 55.Kf2 Qh2+ 56.Kf3 Qe5
57.Qf8+ Kc7 58.Qc5 Qe4+ 59.Kg3 Qe1+ 60.Kf3 Kb7 61.Qd4 Qe7 62.g5 fxg5 63.Kg4 Kc7
64.f6 Qf7 65.Kxg5 Kd7 66.Qa7+ Ke6 67.Qe3+ Kd6 68.Qg3+ Ke6 69.Qh3+ Kd6 70.Qg3+ Ke6  1/2-1/2

[Event "6th ch-Asia"]
[Site "Cebu City PHI"]
[Date "2007.09.25"]
[Round "7"]
[White "Legaspi,R"]
[Black "Dimakiling,O"]
[Result "0-1"]
[WhiteElo "2316"]
[BlackElo "2500"]

1.e4 c5 2.Nf3 d6 3.Bb5+ Bd7 4.Bxd7+ Nxd7 5.b3 Ngf6 6.Qe2 g6 7.Bb2 Bg7 8.O-O O-O
9.d4 cxd4 10.Bxd4 e5 11.Bb2 Nc5 12.Nbd2 Qc7 13.Rad1 Qc6 14.Rfe1 b5 15.Ba3 Ne6
16.g3 a5 17.c4 b4 18.Bb2 Nc5 19.Nh4 Nfd7 20.Nf1 a4 21.Qc2 axb3 22.axb3 Ra2
23.f3 f5 24.Qb1 Rxb2 25.Qxb2 fxe4 26.fxe4 Nxe4 27.Qg2 Qb6+ 28.Ne3 Nc3 29.Ra1 Bh6
30.Qd2 Nc5 31.Qc2 Ne6 32.Ng2 Nd4 33.Qb2 Nf3+ 34.Kh1 Nxe1 35.Rxe1 Qd4 36.Qc2 Rf3
37.Nd5  0-1

[Event "16th Monarch Assurance"]
[Site "Port Erin IOM"]
[Date "2007.09.25"]
[Round "4"]
[White "Bentley,J"]
[Black "Obers,F"]
[Result "0-1"]
[WhiteElo "2242"]
[BlackElo "2073"]

1.e4 c5 2.Nf3 d6 3.Bb5+ Bd7 4.Bxd7+ Qxd7 5.O-O e6 6.Re1 Nc6 7.c3 Nf6 8.d4 cxd4
9.cxd4 d5 10.e5 Ne4 11.Nbd2 Nxd2 12.Bxd2 Be7 13.Rc1 O-O 14.Rc3 Rfc8 15.Rb3 Rc7
16.Qe2 Rac8 17.Qd3 Qd8 18.g3 Rd7 19.Rc1 Rdc7 20.Kg2 Nb8 21.Rf1 Nd7 22.Ba5 b6
23.Bc3 Rc4 24.Nd2 Ra4 25.a3 a6 26.Bb4 Bxb4 27.axb4 b5 28.Rc3 Rxb4 29.Rfc1 Rb8
30.Rc6 Rxb2 31.Nf3 Rb4 32.Nd2 a5 33.Qc3 Nb6 34.Rd6 Qe8 35.Qc7 Nc4 36.Nxc4 Rxc4
37.Rxc4 dxc4 38.Rd7 Rc8 39.Qb7 Rb8 40.Qc7 b4 41.Rxf7 Qxf7 42.Qxb8+ Qf8 43.Qb7 Qd8
44.f3 h6 45.h4 Qxd4 46.Qc8+ Kf7 47.Qc7+ Kg6 48.h5+ Kh7 49.Qf7 Qd2+ 50.Kh3 Qd3
51.Qxe6 Qxf3 52.Qg6+ Kg8 53.Qe6+ Qf7 54.Qc8+ Kh7 55.e6 Qxh5+ 56.Kg2 Qe2+
57.Kh3 b3 58.Qd7 Qh5+ 59.Kg2 Qe2+ 60.Kh3 b2  0-1

[Event "USCL 2007"]
[Site "ICC INT"]
[Date "2007.09.26"]
[Round "5"]
[White "Moreno,Ale1"]
[Black "Zaremba,An"]
[Result "1-0"]
[WhiteElo "2390"]
[BlackElo "2321"]

1.e4 c5 2.Nf3 d6 3.Bb5+ Bd7 4.Bxd7+ Qxd7 5.c4 Nc6 6.O-O g6 7.Nc3 Bg7 8.d3 e6
9.Be3 Nge7 10.d4 cxd4 11.Nxd4 O-O 12.Qa4 Rfd8 13.Rfd1 d5 14.exd5 exd5 15.cxd5 Nxd5
16.Nxc6 Qxc6 17.Qxc6 bxc6 18.Nxd5 Rxd5 19.Rxd5 cxd5 20.Rd1 d4 21.Bf4 Rc8
22.Kf1 a5 23.Ke2 d3+ 24.Kxd3 Bxb2 25.Rb1 Bf6 26.Rb8 Rxb8 27.Bxb8 Kf8 28.a4 Ke7
29.Bc7 Kd7 30.Bxa5 Kc6 31.Bc3 Bd8 32.Ke4 Bc7 33.h4 f5+ 34.Kd3 Kd5 35.a5 Bd8
36.g3 f4 37.a6 Kc6 38.Bd4 h5 39.Ke4 fxg3 40.fxg3 g5 41.g4 gxh4 42.gxh5 Bg5
43.Kf5 h3 44.Be5 Bh6 45.Kg4 Kb6 46.Kxh3 Kxa6 47.Kg4 Kb6 48.Bf4 Bf8 49.Kf5 Kc6
50.Ke6 Bg7 51.Kf7 Bd4 52.h6 Kd5 53.h7 Ke4 54.Bh6  1-0

[Event "Open"]
[Site "Miami USA"]
[Date "2007.09.27"]
[Round "2"]
[White "Schneider,Dm"]
[Black "Bady,G"]
[Result "1-0"]
[WhiteElo "2488"]
[BlackElo "2185"]

1.e4 c5 2.Nf3 d6 3.Bb5+ Nd7 4.d4 cxd4 5.Qxd4 a6 6.Bxd7+ Bxd7 7.Bg5 Nf6 8.Nc3 e6
9.O-O-O h6 10.Bh4 g5 11.Bg3 e5 12.Nxe5 dxe5 13.Bxe5 Be7 14.Rhe1 Bg4 15.Nd5 Bxd1
16.Bxf6 Bxf6 17.Nxf6+ Kf8 18.Nd7+ Kg8 19.Rxd1 Qe7 20.Nf6+ Kf8 21.Nd5  1-0

[Event "16th Monarch Assurance"]
[Site "Port Erin IOM"]
[Date "2007.09.27"]
[Round "6"]
[White "Weisbuch,U"]
[Black "Waters,M"]
[Result "1-0"]
[WhiteElo "2284"]
[BlackElo "2096"]

1.e4 c5 2.Nf3 d6 3.Bb5+ Nc6 4.O-O Bd7 5.c3 a6 6.Bxc6 Bxc6 7.Re1 e6 8.d4 d5
9.e5 Nh6 10.Bxh6 gxh6 11.Nbd2 Rg8 12.dxc5 Bxc5 13.Nb3 Ba7 14.Nbd4 Qb6 15.Qd2 Rg6
16.b3 O-O-O 17.a4 Rdg8 18.g3 Bd7 19.Qf4 Be8 20.h4 h5 21.Rac1 Kb8 22.Ng5 h6
23.Nh7 Rg4 24.Qf3 Rxd4 25.cxd4 Qxd4 26.Nf6 Rf8 27.Nxe8 Rxe8 28.Qxf7 Rd8 29.Qc7+  1-0

[Event "16th Monarch Assurance"]
[Site "Port Erin IOM"]
[Date "2007.09.28"]
[Round "7"]
[White "Klinova,M"]
[Black "Collins,S IRL"]
[Result "1-0"]
[WhiteElo "2326"]
[BlackElo "2405"]

1.e4 c5 2.Nf3 d6 3.Bb5+ Nd7 4.O-O Nf6 5.Re1 a6 6.Bf1 b6 7.c4 Bb7 8.Nc3 e6
9.d4 cxd4 10.Nxd4 Be7 11.f4 Qc7 12.f5 e5 13.Nc2 Nc5 14.Qf3 O-O 15.b4 Ncd7
16.Bd2 Bc6 17.Ne3 Qb7 18.Bd3 b5 19.Ncd5 Bd8 20.g4 bxc4 21.Bxc4 Nb6 22.Bb3 Bxd5
23.Nxd5 Nbxd5 24.exd5 Qb6+ 25.Kg2 Qd4 26.Rad1 Qxg4+ 27.Qxg4 Nxg4 28.Rc1 Ra7
29.Rc6 Be7 30.a4 g6 31.h3 Nf6 32.fxg6 hxg6 33.Bc4 Rfa8 34.Be3 Rb7 35.Bd2 a5
36.b5 Nd7 37.Be3 Kg7 38.Rb1 f5 39.b6 Kf6 40.Rc7 Rxc7 41.bxc7 Rc8 42.Rb7 Nc5
43.Ra7  1-0

[Event "6th ch-Asia"]
[Site "Cebu City PHI"]
[Date "2007.09.29"]
[Round "11"]
[White "Ardeshi,M"]
[Black "Li Shilong"]
[Result "0-1"]
[WhiteElo "2407"]
[BlackElo "2547"]

1.e4 c5 2.Nf3 d6 3.Bb5+ Nc6 4.d4 cxd4 5.Qxd4 Bd7 6.Bxc6 Bxc6 7.Nc3 Nf6 8.Bg5 e6
9.O-O-O Be7 10.Rhe1 O-O 11.Kb1 Qc7 12.Qd3 Rfd8 13.Nd4 a6 14.h4 b5 15.f3 Bb7
16.f4 Rac8 17.Nce2 e5 18.Nf5 d5 19.Nxe7+ Qxe7 20.exd5 Rxd5 21.Qe3 Qc7 22.Rc1 Nd7
23.h5 Nb6 24.h6 f6 25.Bh4 Nc4 26.Qf2 g5 27.Bg3 Rd2 28.Ka1 Rcd8 29.Bh2 Rc8
30.Bg1 Nxb2 31.Kxb2 Bd5 32.Qa7 Rxc2+ 33.Kb1 Bxa2+ 34.Ka1 Bd5 35.Rxc2 Qa5+
36.Kb1 Qb4+ 37.Kc1 Qxe1+ 38.Kb2 Qb4+ 39.Kc1 Qe1+ 40.Kb2 Rxc2+ 41.Kxc2 Qxe2+
42.Kc1 Qc4+ 43.Kd2 Qb4+ 44.Kc1 Bf7 45.Bc5 Qc3+ 46.Kd1 Qb3+ 47.Ke1 Qc3+ 48.Kf2 Qd2+
49.Kg3 Qe1+ 50.Bf2 Qc3+ 51.Kh2 Qc8 52.Qe7 Qe6 53.Qd8+ Be8 54.Qc7 Qd7 55.Qb6 Qd4  0-1

[Event "6th ch-Asia"]
[Site "Cebu City PHI"]
[Date "2007.09.29"]
[Round "11"]
[White "Toufighi,H"]
[Black "Xu Jun"]
[Result "0-1"]
[WhiteElo "2391"]
[BlackElo "2574"]

1.e4 c5 2.Nf3 d6 3.Bb5+ Nd7 4.O-O Nf6 5.Re1 a6 6.Bxd7+ Nxd7 7.d4 e6 8.Bg5 Qc7
9.dxc5 Qxc5 10.Nc3 h6 11.Bh4 g5 12.Bg3 h5 13.h3 Be7 14.Qd2 g4 15.Nd5 exd5
16.exd5 gxf3 17.b4 Qb6 18.Rxe7+ Kxe7 19.Qg5+ f6 20.Qg7+ Kd8 21.Qxh8+ Kc7
22.c4 Qxb4 23.c5 Qxc5 24.Qxh5 Ne5 25.Qe8 fxg2 26.Qe7+ Bd7 27.Bf4 Rg8 28.Bxe5 fxe5
29.h4 Rg4 30.h5 Rf4  0-1

[Event "TCh-BEL 2007-8"]
[Site "Belgium BEL"]
[Date "2007.09.30"]
[Round "1"]
[White "Crut,A"]
[Black "Brunner,N"]
[Result "1-0"]
[WhiteElo "2317"]
[BlackElo "2428"]

1.e4 c5 2.Nf3 d6 3.Bb5+ Bd7 4.Bxd7+ Qxd7 5.O-O Nf6 6.e5 dxe5 7.Nxe5 Qc7 8.d4 cxd4
9.Bf4 Qb6 10.Nd2 Nc6 11.Ndc4 Qc5 12.Qf3 Qd5 13.Rfe1 Qxf3 14.Nxf3 e6 15.Rad1 Rd8
16.Nce5 Bc5 17.Nxc6 bxc6 18.Be5 Bb4 19.c3 dxc3 20.Rxd8+ Kxd8 21.bxc3 Ba5
22.Rb1 Bb6 23.a4 Kc8 24.a5 Bc7 25.a6 Rd8 26.Bxc7 Kxc7 27.Ne5 Rb8 28.Rxb8 Kxb8
29.Nxc6+ Ka8 30.Ne5 Ne4 31.Nxf7 Nc5 32.Nd8 e5 33.Nc6 e4 34.Nb4 Kb8 35.Nc6+ Ka8
36.Nb4 Kb8 37.Kf1 Kc7 38.Ke2 Kb6 39.Ke3 Nxa6 40.Nxa6 Kxa6 41.Kxe4 Kb6 42.f4 Kc5
43.Kd3 h5 44.g3 a5 45.h3 a4 46.g4 hxg4 47.hxg4 Kd5 48.f5 Ke5 49.c4 Kd6 50.Kc3  1-0

[Event "16th Monarch Assurance"]
[Site "Port Erin IOM"]
[Date "2007.09.30"]
[Round "9"]
[White "Horner,J"]
[Black "Abergel,T"]
[Result "0-1"]
[WhiteElo "2344"]
[BlackElo "2512"]

1.e4 c5 2.Nf3 d6 3.Bb5+ Nc6 4.O-O Bd7 5.Re1 Nf6 6.c3 a6 7.Ba4 b5 8.Bc2 Bg4
9.h3 Bh5 10.d3 e6 11.Nbd2 Be7 12.Nf1 Ne5 13.N1h2 O-O 14.Bf4 Nxf3+ 15.Nxf3 e5
16.Bh2 Rc8 17.Kh1 Qd7 18.Qe2 Qe6 19.Rg1 Nd7 20.g4 Bg6 21.c4 Nb8 22.Bb3 Qd7
23.cxb5 axb5 24.a4 bxa4 25.Bxa4 Qb7 26.b3 d5 27.Rge1 f6 28.Nh4 Bf7 29.Nf5 Rfd8
30.Nxe7+ Qxe7 31.f4 dxe4 32.dxe4 exf4 33.Bxf4 Nc6 34.Bxc6 Rxc6 35.Qe3 Rb6
36.Rac1 Rd4 37.Rc3 Rbb4 38.Qg3 Rxe4 39.Rf1 Bd5 40.Kh2 Re2+ 41.Rf2 Qe4  0-1

[Event "USCL 2007"]
[Site "ICC INT"]
[Date "2007.10.03"]
[Round "6"]
[White "Boskovic,D"]
[Black "Kudrin,S"]
[Result "0-1"]
[WhiteElo "2473"]
[BlackElo "2543"]

1.e4 c5 2.Nf3 d6 3.Bb5+ Bd7 4.Bxd7+ Nxd7 5.O-O e6 6.c3 Ngf6 7.Re1 Be7 8.d4 O-O
9.e5 Nd5 10.exd6 Bxd6 11.Nbd2 cxd4 12.Nxd4 a6 13.Ne4 Be7 14.c4 N5f6 15.Ng5 Qb6
16.Nb3 Qc7 17.Qe2 Rac8 18.Nd2 Bb4 19.Ngf3 Rfd8 20.Rb1 Nc5 21.a3 Bxd2 22.Bxd2 Nd3
23.Red1 Qxc4 24.Bg5 Rd5 25.Bxf6 gxf6 26.Ne1 Nf4 27.Qxc4 Rxc4 28.g3 Rxd1 29.Rxd1 Nd5
30.Kf1 f5 31.Ke2 f4 32.Kd3 b5 33.Nf3 f6 34.Re1 Kf7 35.Nd2 Rc8 36.Ne4 Ke7
37.Nd2 e5 38.Ra1 f5 39.f3 h5 40.a4 Nb4+ 41.Ke2 Nc2 42.Ra2 Nd4+ 43.Kd3 Rd8
44.Kc3 Ne2+ 45.Kc2 fxg3 46.hxg3 b4 47.Nf1 Nd4+  0-1

[Event "12th ECC Women"]
[Site "Kemer TUR"]
[Date "2007.10.03"]
[Round "1"]
[White "Xu Yuhua"]
[Black "Madl,I"]
[Result "1-0"]
[WhiteElo "2517"]
[BlackElo "2381"]

1.e4 c5 2.Nf3 d6 3.Bb5+ Bd7 4.Bxd7+ Nxd7 5.O-O Ngf6 6.Qe2 Rc8 7.b3 g6 8.Bb2 Bg7
9.d4 cxd4 10.Bxd4 O-O 11.c4 Qa5 12.Nbd2 a6 13.e5 dxe5 14.Nxe5 Nxe5 15.Bxe5 Rfd8
16.Nf3 Qc5 17.Rfd1 Nh5 18.g3 Bxe5 19.Nxe5 Nf6 20.Ng4 Nxg4 21.Qxg4 a5 22.Rd7 h5
23.Qd1 Rxd7 24.Qxd7 Qc7 25.Rd1 Kg7 26.Qb5 b6 27.Rd7 Qc5 28.Qxc5 Rxc5 29.Rxe7 b5
30.cxb5 Rxb5 31.Re4 Rd5 32.Kg2 Rd2 33.Ra4 Rd5 34.Kf3 Kf6 35.Ke3 Re5+ 36.Re4 Rd5
37.h4 Rd1 38.Rd4 Re1+ 39.Kd3 Re5 40.Rf4+ Kg7 41.a3 f6 42.Re4 Rf5 43.f4 g5
44.Kc4  1-0

[Event "WJun"]
[Site "Yerevan ARM"]
[Date "2007.10.03"]
[Round "1"]
[White "Meier,Geo"]
[Black "Kalashian,D"]
[Result "1-0"]
[WhiteElo "2558"]
[BlackElo "2361"]

1.e4 c5 2.Nf3 d6 3.Bb5+ Bd7 4.Bxd7+ Qxd7 5.c4 e5 6.Nc3 Nc6 7.d3 g6 8.a3 Bg7
9.b4 Nge7 10.Qa4 Nd4 11.Rb1 Nxf3+ 12.gxf3 Nc6 13.Nd5 O-O 14.bxc5 Qh3 15.Be3 Qxf3
16.Rg1 dxc5 17.Rxb7 Nd4 18.Bxd4 exd4 19.Rg3 Qh1+ 20.Ke2 Rab8 21.Qxa7 Rxb7
22.Qxb7 Be5 23.Rf3 Qxh2 24.a4 g5 25.Qd7 Qh5 26.a5 Rb8 27.Nb6 Bf4 28.Qf5 Bd6
29.Qd5 Qg6 30.Rf5 Bf4 31.Ke1 Bc1 32.Qe5 Rb7 33.Qxc5 Rb8 34.Qe5 Rb7 35.Qc5 Rb8
36.Qc7 Re8 37.Qd7 Rb8 38.Qxd4 Qh5 39.c5 Bf4 40.Rxf4 gxf4 41.Kd2 Qg5 42.a6 f3+
43.Kc2 Qe7 44.Nd5 Qd8 45.c6 Rc8 46.Qc5 Kg7 47.c7 Qd7 48.Qc3+ Kg6 49.Nb6 Qe6
50.Nxc8 Qa2+ 51.Qb2  1-0

[Event "12th ECC Women"]
[Site "Kemer TUR"]
[Date "2007.10.04"]
[Round "2"]
[White "Meseli,P"]
[Black "Klipper,R"]
[Result "0-1"]
[WhiteElo "1936"]
[BlackElo "2069"]

1.e4 c5 2.Nf3 d6 3.Bb5+ Bd7 4.Bxd7+ Nxd7 5.O-O g6 6.c3 Bg7 7.d4 Ngf6 8.e5 dxe5
9.dxe5 Ng4 10.e6 Nde5 11.exf7+ Kf8 12.Nxe5 Nxe5 13.Qb3 Qb6 14.Na3 Qxb3 15.axb3 Kxf7
16.Be3 b6 17.Rfd1 Rad8 18.Nc2 Nd3 19.Rxa7 Nxb2 20.Rdd7 Rxd7 21.Rxd7 Bxc3
22.Rb7 Rd8 23.g3 Rd6 24.Bg5 Bf6 25.Bf4 Rd1+ 26.Kg2 Nd3 27.Be3 Rb1 28.Rxb6 Rb2
29.Na3 Nxf2 30.Nc4 Rc2 31.Kf3 Nd3 32.Ke4 Nc1 33.Bxc5 Nxb3 34.Rxb3 Rxc4+ 35.Kd5 Rc2
36.h4 e6+ 37.Kc6 Be7 38.Rb5 Kf6 39.Kb6 Rxc5 40.Rxc5 Bxc5+ 41.Kxc5 Ke5  0-1

[Event "Open"]
[Site "Nelson NZL"]
[Date "2007.10.04"]
[Round "4"]
[White "Milligan,H"]
[Black "Lynn,W"]
[Result "1-0"]
[WhiteElo "2009"]
[BlackElo "1975"]

1.e4 c5 2.Nf3 d6 3.Bb5+ Bd7 4.Bxd7+ Qxd7 5.c4 Nc6 6.d4 cxd4 7.Nxd4 e6 8.Nc3 Rc8
9.Nde2 Nf6 10.f3 g6 11.Bg5 Bg7 12.Rc1 O-O 13.O-O h6 14.Bh4 g5 15.Bg3 Rfd8
16.f4 gxf4 17.Nxf4 Ne5 18.b3 Qc6 19.Qe2 Rd7 20.h3 Qc5+ 21.Kh1 Qa5 22.Bh4 Ne8
23.Nh5 Ng6 24.Nxg7 Kxg7 25.Be1 Qe5 26.Nb5 Qg5 27.Bd2 Qd8 28.Qh5 Qh4 29.Bxh6+ Kh7
30.Qxh4 Nxh4 31.Bg5 Ng6 32.Rcd1 a6 33.Nd4 Rc5 34.Nf3 f6 35.Be3 Rh5 36.Kh2 Kg8
37.a4 Rdh7 38.Kg1 Ne5 39.Nxe5 Rxe5 40.Bf4 Rxe4 41.Bxd6 f5 42.Bh2 Re2 43.Rf2 Re3
44.Rd8 Kf7 45.Rd7+ Kg6 46.Rxh7 Re1+ 47.Rf1 Rxf1+ 48.Kxf1 Kxh7 49.Be5 Kg6
50.b4 Kg5 51.Kf2 f4 52.Kf3 Kf5 53.Bxf4 Nf6 54.g4+ Kg6 55.h4 Nd7 56.h5+ Kh7
57.Bc7 Nf6 58.Bd8 Ne8 59.Kf4 Nd6 60.c5 Nc4 61.g5 Nb2 62.Ke5 Nd3+ 63.Kf6 Nxb4
64.g6+ Kg8 65.h6 Nc6 66.Bc7 a5 67.Be5 b6 68.cxb6 Ne7 69.h7+ Kf8 70.h8=Q+ Ng8+
71.Kxe6 Ke8 72.Qxg8+  1-0

[Event "Open"]
[Site "Nelson NZL"]
[Date "2007.10.04"]
[Round "4"]
[White "Spiller,P"]
[Black "Davis,J"]
[Result "0-1"]
[WhiteElo "2028"]
[BlackElo "1893"]

1.e4 c5 2.Nf3 d6 3.Bb5+ Bd7 4.Bxd7+ Qxd7 5.c4 Qg4 6.O-O Qxe4 7.d4 cxd4 8.Re1 Qg4
9.Na3 Nc6 10.Nb5 Qd7 11.Nfxd4 a6 12.Nc3 Nf6 13.Bg5 Qg4 14.Bxf6 Qxd1 15.Raxd1 gxf6
16.Nxc6 bxc6 17.Rxd6 e6 18.Rxc6 Kd7 19.Rb6 Kc7 20.Na4 Bc5 21.Rb3 Kc6 22.Nxc5 Kxc5
23.Rb7 Rhf8 24.b3 Kc6 25.Rb4 Rfd8 26.g3 Rd2 27.Ra4 Kb6 28.Kg2 Rad8 29.b4 Rb2
30.Re3 Rdd2 31.Rea3 Rxf2+ 32.Kg1 Rg2+ 33.Kf1 Rxh2 34.Rxa6+ Kc7 35.Ra7+ Kd6
36.Kg1 Rhc2 37.c5+ Ke5 38.Rf3 Rxb4 39.Rxf7 Rb1+ 40.Rf1 Rxf1+ 41.Kxf1 Rxc5
42.Ra7 Rc2 43.a4 Ra2 44.a5 Ke4 45.a6 f5 46.Ra8 e5 47.a7 h5 48.Ke1 Ke3 49.Kf1 e4
50.Kg1 Ke2 51.Kh2 e3 52.Kg2 Ke1+ 53.Kf3 e2 54.Kg2 Ra3 55.Rf8 Rxa7 56.Rxf5 Re7
57.Rd5 Rf7 58.Rd8 Rf2+ 59.Kg1 Rf3 60.Kg2 Rc3 61.Rd4 Rc2 62.Ra4 Kd2 63.Rd4+ Ke3  0-1

[Event "WJun"]
[Site "Yerevan ARM"]
[Date "2007.10.04"]
[Round "2"]
[White "Arngrimsson,D"]
[Black "Deepan,C"]
[Result "0-1"]
[WhiteElo "2323"]
[BlackElo "2492"]

1.e4 c5 2.Nf3 d6 3.Bb5+ Nd7 4.d4 cxd4 5.Qxd4 a6 6.Bxd7+ Bxd7 7.O-O Nf6 8.Bg5 h6
9.Bxf6 gxf6 10.c4 Rc8 11.Nc3 e6 12.Rac1 Be7 13.b4 Qc7 14.Nd2 h5 15.Rfe1 Kf8
16.Re3 Rh6 17.f4 d5 18.c5 Qxf4 19.Rf1 Qe5 20.Qxe5 fxe5 21.exd5 Bg5 22.Re2 exd5
23.Nf3 Bf6 24.Nxe5 Be6 25.Na4 Rd8 26.Nb6 d4 27.Rd1 h4 28.Rd3 Bf5 29.Rf3 d3
30.Rd2 Bxe5 31.Rxf5 Bc3 32.Rd1 Bxb4 33.Nc4 Re6 34.Ne5 d2 35.Kf1 Ke8 36.Rh5 Rd5
37.Rh8+ Ke7 38.Nf3 Rf5  0-1